| 000 | 00586nam a22001817a 4500 | ||
|---|---|---|---|
| 005 | 20251108165220.0 | ||
| 008 | 250721s1976 xx 000 0 ara d | ||
| 082 | 1 | 4 | _a820.9/فيد |
| 100 | 1 | _aفيدلسون الابن، تشارلز | |
| 245 | 1 | 0 | _aالرمزية و الأدب الأمريكي / |
| 264 | 1 |
_aدمشق : _bوزارة الثقافة و الإرشاد القومي، _c1976. |
|
| 300 | _a245ص | ||
| 650 | 1 | 7 | _aالأدب الأمريكي |
| 650 | 1 | 7 | _aالنقد الأدبي |
| 700 | 1 |
_aالراهب، هاني _eترجمة |
|
| 942 |
_2ddc _cBK |
||
| 999 |
_c22363 _d22363 |
||